Music Quiz

Random Music or Kpop Quiz

Name NCT 127 Members Quiz Stats

 Plays Quiz not verified by Sporcle

Challenge
Share
Tweet
Embed
Score 0/7 Timer 01:30
0 Plays Today
Hint Answer % Correct
3.Taeyong
95.7%
6.Mark
95.6%
7.Taeil
90.5%
4.WinWin
89.5%
2.Yuta
87.2%
5.Jaehyun
86.1%
1.Haechan
80.5%

You're not logged in!

Compare scores with friends on all Sporcle quizzes.
Join for Free
OR
Log In

You Might Also Like...

Show Comments

Extras

Created Jul 4, 2016ReportNominate
Tags:Kpop Quiz, Kpop Quiz

Top Quizzes Today


Score Distribution

Your Account Isn't Verified!

In order to create a playlist on Sporcle, you need to verify the email address you used during registration. Go to your Sporcle Settings to finish the process.

Report this User

Report this user for behavior that violates our Community Guidelines.

Details: